[Event "Capablanca Memorial Mixto 38th"]
[Site "Havana"]
[Date "2003.05.14"]
[Round "9"]
[White "Ruiz Jimenez, Francisco Jose"]
[Black "Frometa Castillo, Zirka"]
[Result "1-0"]
[WhiteElo "2200"]
[BlackElo "2216"]
[PlyCount "111"]
[EventDate "2003.05.06"]
[EventType "tourn"]
[EventRounds "13"]
[EventCountry "CUB"]
[EventCategory "1"]
[SourceTitle "CBM 094 Extra"]
[Source "ChessBase"]
[SourceDate "2003.07.09"]
[SourceVersion "2"]
[SourceVersionDate "2003.07.09"]
[SourceQuality "1"]

1. e4 g6 2. d4 Bg7 3. Nc3 c6 4. Be3 d5 5. Qd2 e6 6. h4 h5 7. 0-0-0 Ne7 8. Nh3 a6 9. f3 b5 10. Kb1 Nd7 11. Nf4 Nb6 12. Ka1 b4 13. Nb1 a5 14. g4 hxg4 15. fxg4 dxe4 16. h5 e5 17. dxe5 Qxd2 18. Nxd2 Nbd5 19. Nc4 Nxe3 20. Nxe3 Bxe5 21. Nfg2 a4 22. Nc4 Bxg4 23. Re1 Bg7 24. Rxe4 Rd8 25. Be2 Bxe2 26. Rxe2 Rxh5 27. Rhe1 Bf6 28. a3 bxa3 29. Nxa3 Kf8 30. Re4 Rb8 31. c3 Rh2 32. R1e2 Nd5 33. Rc4 Re8 34. Rc2 Rh1+ 35. Ka2 Ne3 36. Nxe3 Rxe3 37. Rxc6 Ree1 38. b4 axb3+ 39. Kxb3 Be7 40. Nb5 Rb1+ 41. Kc4 Rh4+ 42. Nd4 Rf1 43. Re2 Bf6 44. Kd5 Rd1 45. Rxf6 Rd3 46. Kc4 Rhh3 47. Nb5 Kg7 48. Ref2 Rd7 49. Kc5 Rhd3 50. c4 Re3 51. Kc6 Ree7 52. c5 Kh6 53. Nd6 Rc7+ 54. Kd5 Kg7 55. c6 Kg8 56. Rxf7 1-0

[Event "Capablanca Memorial Mixto 38th"]
[Site "Havana"]
[Date "2003.05.09"]
[Round "4"]
[White "Ruiz Jimenez, Francisco Jose"]
[Black "Ramon Pita, Vivian"]
[Result "1/2-1/2"]
[WhiteElo "2200"]
[BlackElo "2240"]
[PlyCount "98"]
[EventDate "2003.05.06"]
[EventType "tourn"]
[EventRounds "13"]
[EventCountry "CUB"]
[EventCategory "1"]
[SourceTitle "CBM 094 Extra"]
[Source "ChessBase"]
[SourceDate "2003.07.09"]
[SourceVersion "2"]
[SourceVersionDate "2003.07.09"]
[SourceQuality "1"]

1. e4 e5 2. Bc4 Nf6 3. d3 Bc5 4. Nc3 a6 5. Nf3 d6 6. d4 exd4 7. Nxd4 b5 8. Bd5 Nxd5 9. exd5 Qe7+ 10. Be3 0-0 11. 0-0 b4 12. Na4 Ba7 13. a3 f5 14. Qd2 bxa3 15. Rxa3 Qf7 16. Nf3 Bxe3 17. Rxe3 f4 18. Re4 Nd7 19. Rfe1 Qf5 20. c4 Nc5 21. Nxc5 dxc5 22. Qa5 Qg6 23. Re5 Qd6 24. Re7 Bd7 25. Qc3 Rf6 26. Qe5 Rd8 27. Qh5 h6 28. Nd2 c6 29. R1e5 Bf5 30. Qe2 Rdf8 31. f3 cxd5 32. Rxd5 Qb6 33. Ne4 Bxe4 34. Rxe4 Rb8 35. Re8+ Rxe8 36. Qxe8+ Rf8 37. Qe5 Qg6 38. h3 Re8 39. Qxf4 Re2 40. Qg4 Qb1+ 41. Kh2 Qxb2 42. Rd8+ Kf7 43. Qf5+ Qf6 44. Qh5+ g6 45. Rd7+ Ke8 46. Qd5 Qf4+ 47. Kg1 Qe3+ 48. Kh2 Qf4+ 49. Kg1 Qe3+ 1/2-1/2

[Event "Capablanca Memorial Mixto 38th"]
[Site "Havana"]
[Date "2003.05.07"]
[Round "2"]
[White "Ruiz Jimenez, Francisco Jose"]
[Black "Hernandez Alvarez, Tania Regla"]
[Result "0-1"]
[WhiteElo "2200"]
[BlackElo "2244"]
[PlyCount "86"]
[EventDate "2003.05.06"]
[EventType "tourn"]
[EventRounds "13"]
[EventCountry "CUB"]
[EventCategory "1"]
[SourceTitle "CBM 094 Extra"]
[Source "ChessBase"]
[SourceDate "2003.07.09"]
[SourceVersion "2"]
[SourceVersionDate "2003.07.09"]
[SourceQuality "1"]

1. e4 c5 2. Nf3 d6 3. d4 cxd4 4. Nxd4 Nf6 5. Nc3 a6 6. Be3 e5 7. Nb3 Be7 8. f3 Be6 9. Qd2 d5 10. exd5 Nxd5 11. Nxd5 Qxd5 12. Qxd5 Bxd5 13. 0-0-0 Be6 14. Nc5 Bc8 15. Bc4 Nc6 16. Rd2 0-0 17. Rhd1 Bxc5 18. Bxc5 Re8 19. Rd6 h6 20. g4 e4 21. Re1 Re5 22. Bd4 Re7 23. Bc3 Kf8 24. f4 Bxg4 25. Rg1 h5 26. h3 Bxh3 27. Bxg7+ Ke8 28. Bf6 Bg4 29. Bxe7 Kxe7 30. Rh6 Rc8 31. Re1 Bf3 32. Bd5 f5 33. Rg1 Bg4 34. Re6+ Kd7 35. Rf6 Nd4 36. Rg2 e3 37. Bxb7 Rd8 38. Bxa6 Ke7 39. Rh6 e2 40. Rg1 Nb5 41. Rh7+ Kf6 42. Rh6+ Kg7 43. Rxg4+ fxg4 0-1

[Event "ESP-chT"]
[Site "Mondariz"]
[Date "2002.12.01"]
[Round "2"]
[White "Guerra Bastida, Diego"]
[Black "Ruiz Jimenez, Francisco Jose"]
[Result "1-0"]
[WhiteElo "2361"]
[BlackElo "2119"]
[PlyCount "53"]
[EventDate "2002.11.30"]
[EventType "team"]
[EventRounds "9"]
[EventCountry "ESP"]
[SourceTitle "CBM 091 Extra"]
[Source "ChessBase"]
[SourceDate "2003.01.09"]
[SourceVersion "1"]
[SourceVersionDate "2003.01.09"]
[SourceQuality "1"]

1. e4 c5 2. Nf3 d6 3. Bb5+ Bd7 4. Bxd7+ Qxd7 5. c4 Nc6 6. d4 cxd4 7. Nxd4 Nf6 8. Nc3 e6 9. 0-0 Be7 10. Be3 Rc8 11. Qe2 a6 12. a4 Qc7 13. b3 Qa5 14. Rac1 0-0 15. f4 Qb4 16. Rf3 Ng4 17. Nxc6 bxc6 18. Bd2 Qxb3 19. Nd5 Qb7 20. Nxe7+ Qxe7 21. Rg3 Qa7+ 22. c5 Nf6 23. e5 Ne8 24. exd6 Nxd6 25. Qe5 Nf5 26. Bc3 Kh8 27. Qxg7+ 1-0

[Event "ESP-ch op"]
[Site "Ayamonte"]
[Date "2002.10.04"]
[Round "1"]
[White "Ruiz Jimenez, Francisco Jose"]
[Black "Lopez Martinez, Josep Manuel"]
[Result "1/2-1/2"]
[WhiteElo "2119"]
[BlackElo "2437"]
[PlyCount "71"]
[EventDate "2002.10.04"]
[EventType "swiss"]
[EventRounds "9"]
[EventCountry "ESP"]
[SourceTitle "EXT 2005"]
[Source "ChessBase"]
[SourceDate "2004.11.15"]
[SourceVersion "1"]
[SourceVersionDate "2004.11.15"]
[SourceQuality "1"]

1. e4 c6 2. d4 d5 3. exd5 cxd5 4. c4 Nf6 5. Nc3 e6 6. Nf3 Bb4 7. Bd3 dxc4 8. Bxc4 0-0 9. 0-0 a6 10. Bg5 b5 11. Bb3 Bb7 12. Qe2 Bxc3 13. bxc3 Nbd7 14. Ne5 Qc7 15. Nxd7 Nxd7 16. Rac1 Bd5 17. c4 bxc4 18. Bxc4 Qa5 19. Qg4 Rfc8 20. Bh6 g6 21. Qe2 Rd8 22. Rc2 Bxc4 23. Rxc4 Qf5 24. Rc6 Nf6 25. Rxa6 Rac8 26. h3 Rxd4 27. Rd1 Qe4 28. Be3 Rxd1+ 29. Qxd1 Nd5 30. Qd4 Nxe3 31. Qxe3 Qc4 32. Ra7 Qc1+ 33. Qxc1 Rxc1+ 34. Kh2 h5 35. h4 Kg7 36. g3 1/2-1/2

[Event "Ferrol op 18th"]
[Site "Ferrol"]
[Date "2002.07.22"]
[Round "6"]
[White "Ruiz Jimenez, Francisco Jose"]
[Black "Bodelon Rodriguez, Tomas"]
[Result "0-1"]
[WhiteElo "2116"]
[BlackElo "2182"]
[PlyCount "66"]
[EventDate "2002.07.17"]
[EventType "swiss"]
[EventRounds "9"]
[EventCountry "ESP"]
[SourceTitle "CBM 089 Extra"]
[Source "ChessBase"]
[SourceDate "2002.09.10"]
[SourceVersion "2"]
[SourceVersionDate "2002.09.10"]
[SourceQuality "1"]

1. e4 e5 2. Nf3 Nc6 3. Bb5 a6 4. Ba4 Nf6 5. 0-0 Be7 6. Re1 b5 7. Bb3 d6 8. c3 0-0 9. h3 Na5 10. Bc2 c5 11. d4 Qc7 12. Nbd2 Rd8 13. d5 c4 14. Nf1 Nb7 15. Ng3 a5 16. Nh2 Nc5 17. b3 cxb3 18. axb3 Bd7 19. f4 Nb7 20. fxe5 dxe5 21. Bb2 Bc5+ 22. Kh1 Bf2 23. Nh5 Nxh5 24. Qxh5 Bxe1 25. Rxe1 f6 26. Nf3 Be8 27. Qh4 Nd6 28. Nd2 a4 29. bxa4 Nc4 30. Nxc4 Qxc4 31. axb5 Ra2 32. Rb1 Qe2 33. Bd1 Qd3 0-1

[Event "Dos Hermanas op 3rd"]
[Site "Dos Hermanas"]
[Date "2002.04.08"]
[Round "4"]
[White "Matamoros Franco, Carlos S"]
[Black "Ruiz Jimenez, Francisco Jose"]
[Result "1-0"]
[WhiteElo "2456"]
[BlackElo "2119"]
[PlyCount "137"]
[EventDate "2002.04.05"]
[EventType "swiss"]
[EventRounds "9"]
[EventCountry "ESP"]
[SourceTitle "CBM 087 Extra"]
[Source "ChessBase"]
[SourceDate "2002.05.03"]
[SourceVersion "2"]
[SourceVersionDate "2002.08.09"]
[SourceQuality "1"]

1. c4 Nf6 2. Nc3 c6 3. e4 d5 4. exd5 cxd5 5. cxd5 Nxd5 6. Nf3 Nc6 7. Bb5 e6 8. 0-0 Be7 9. d4 0-0 10. Re1 Bd7 11. Bd3 Rc8 12. a3 Bf6 13. Ne4 Bxd4 14. Nd6 Rc7 15. Nb5 Bf6 16. Nxc7 Qxc7 17. Rb1 Rd8 18. Bg5 Be8 19. Bxf6 Nxf6 20. Qc2 Qb6 21. Rbd1 h6 22. b4 Ne7 23. Ne5 Ned5 24. Rc1 Nf4 25. Bf1 N4d5 26. Red1 Ra8 27. Qc5 Ne4 28. Qd4 Nec3 29. Nc4 Qxd4 30. Rxd4 Bb5 31. Ne3 Bxf1 32. Kxf1 a5 33. Nxd5 Nxd5 34. b5 g5 35. Rdc4 Kg7 36. Rc8 Ra7 37. a4 b6 38. Rd8 Re7 39. Rc6 Rb7 40. Rcc8 h5 41. g3 Kg6 42. Ke2 Kf5 43. Rc4 g4 44. Kd3 Ke5 45. Re4+ Kf5 46. Kd4 Rc7 47. Re5+ Kf6 48. Rexd5 exd5 49. Rd6+ Ke7 50. Rxb6 Rc4+ 51. Kxd5 Rxa4 52. Rb7+ Kf6 53. Ra7 Ra2 54. b6 Rxf2 55. Rxa5 Rf5+ 56. Kc6 Rxa5 57. b7 Ra6+ 58. Kc5 Ra5+ 59. Kc4 Ra4+ 60. Kc3 Ra3+ 61. Kb2 Rf3 62. b8Q Rf2+ 63. Kc3 Rxh2 64. Kd3 Kg6 65. Ke3 h4 66. Qg8+ Kf6 67. Qh8+ Kf5 68. Qh5+ Kf6 69. gxh4 1-0

[Event "Dos Hermanas op 3rd"]
[Site "Dos Hermanas"]
[Date "2002.04.06"]
[Round "2"]
[White "Fernandez Garcia, Jose Luis"]
[Black "Ruiz Jimenez, Francisco Jose"]
[Result "1-0"]
[WhiteElo "2470"]
[BlackElo "2119"]
[PlyCount "83"]
[EventDate "2002.04.05"]
[EventType "swiss"]
[EventRounds "9"]
[EventCountry "ESP"]
[SourceTitle "CBM 087 Extra"]
[Source "ChessBase"]
[SourceDate "2002.05.03"]
[SourceVersion "2"]
[SourceVersionDate "2002.08.09"]
[SourceQuality "1"]

1. e4 c5 2. Nf3 Nc6 3. Bb5 e6 4. Bxc6 bxc6 5. d3 d5 6. c4 Ne7 7. Nc3 Ng6 8. 0-0 Bd6 9. exd5 cxd5 10. cxd5 exd5 11. Re1+ Be7 12. d4 c4 13. Ne5 Nxe5 14. Rxe5 Be6 15. Qh5 0-0 16. Nxd5 Bd6 17. Bg5 f6 18. Rxe6 Bxh2+ 19. Qxh2 Qxd5 20. Qd6 Qxd6 21. Rxd6 fxg5 22. Rc1 Rac8 23. Rd5 Rf4 24. Rc2 h6 25. Rd7 Re4 26. Kf1 a6 27. f3 Re3 28. Kf2 Rd3 29. b3 g4 30. Rxc4 Rxc4 31. bxc4 Rd2+ 32. Kg3 gxf3 33. gxf3 Rxa2 34. c5 Rc2 35. Kf4 a5 36. Ra7 Rc4 37. Ke4 h5 38. Rxa5 Kf7 39. Ra7+ Kf6 40. Ra6+ Kg5 41. f4+ Kh4 42. Rg6 1-0

[Event "Mancha Real UPI"]
[Site "Mancha Real"]
[Date "2001.08.06"]
[Round "8"]
[White "Ruiz Jimenez, Francisco Jose"]
[Black "Vera Gonzalez Quevedo, Reynaldo"]
[Result "0-1"]
[WhiteElo "2115"]
[BlackElo "2563"]
[PlyCount "114"]
[EventDate "2001.07.30"]
[EventType "tourn"]
[EventRounds "9"]
[EventCountry "ESP"]
[EventCategory "4"]
[SourceTitle "CBM 083 Extra"]
[Source "ChessBase"]
[SourceDate "2001.09.11"]
[SourceVersion "1"]
[SourceVersionDate "2001.09.11"]
[SourceQuality "1"]

1. e4 c5 2. Nf3 d6 3. d4 cxd4 4. Nxd4 Nf6 5. Nc3 e6 6. Be2 a6 7. 0-0 Qc7 8. f4 Be7 9. Be3 Nbd7 10. Bf3 h5 11. Qe2 Rb8 12. a4 b6 13. Rae1 Bb7 14. Bf2 Rc8 15. Kh1 h4 16. Bg1 g6 17. f5 gxf5 18. exf5 e5 19. Bxb7 Qxb7 20. h3 Nh5 21. Bh2 Ndf6 22. Nf3 Ng3+ 23. Bxg3 hxg3 24. Ng5 Rg8 25. Nge4 d5 26. Nxf6+ Bxf6 27. Rd1 Rc5 28. Rfe1 Kf8 29. Qh5 b5 30. axb5 axb5 31. Qh6+ Ke7 32. Qd2 Rd8 33. Ne4 Qc6 34. Nxf6 Qxf6 35. Qb4 Kd6 36. c3 Qxf5 37. Qa3 Rdc8 38. Rf1 Qg6 39. Qa6+ Ke7 40. Qxg6 fxg6 41. Rf3 b4 42. Rxg3 bxc3 43. bxc3 R8c6 44. Kg1 Rf6 45. Re3 Kd6 46. Ra1 Rc6 47. Ra5 e4 48. g3 Ke5 49. Kg2 Rb6 50. Re2 Ra6 51. Rc5 Rfc6 52. Rxc6 Rxc6 53. Re3 g5 54. Kf2 Rf6+ 55. Ke1 Rh6 56. g4 Kf4 57. Kf2 Rc6 0-1

[Event "Mancha Real UPI"]
[Site "Mancha Real"]
[Date "2001.08.01"]
[Round "3"]
[White "De la Paz Perdomo, Frank"]
[Black "Ruiz Jimenez, Francisco Jose"]
[Result "1/2-1/2"]
[WhiteElo "2461"]
[BlackElo "2115"]
[PlyCount "81"]
[EventDate "2001.07.30"]
[EventType "tourn"]
[EventRounds "9"]
[EventCountry "ESP"]
[EventCategory "4"]
[SourceTitle "CBM 083 Extra"]
[Source "ChessBase"]
[SourceDate "2001.09.11"]
[SourceVersion "1"]
[SourceVersionDate "2001.09.11"]
[SourceQuality "1"]

1. e4 c5 2. Nf3 d6 3. d4 cxd4 4. Nxd4 Nf6 5. Nc3 a6 6. Be3 e5 7. Nb3 Be6 8. f4 exf4 9. Bxf4 Nc6 10. Qd2 d5 11. 0-0-0 Nxe4 12. Nxe4 dxe4 13. Qe3 Qf6 14. h4 Be7 15. Be2 Nb4 16. Bg5 Qe5 17. Bxe7 Kxe7 18. Qb6 Nd5 19. Qc5+ Ke8 20. Nd4 Rc8 21. Qa3 Nf4 22. Rhe1 Nxg2 23. Nxe6 Nxe1 24. Nd4 Ng2 25. Qa4+ Kf8 26. Qd7 Qc7 27. Qa4 Nf4 28. Bg4 Rd8 29. Rf1 h5 30. Ne6+ Nxe6 31. Bxe6 f6 32. Qxe4 Qd6 33. a4 Rh6 34. Bb3 b5 35. Kb1 Qe7 36. Qc6 bxa4 37. Qxa4 Qc5 38. Qe4 Re8 39. Qb7 Qe3 40. Qxa6 Qe2 41. Qd6+ 1/2-1/2

[Event "Mancha Real UPI"]
[Site "Mancha Real"]
[Date "2001.07.31"]
[Round "2"]
[White "Ruiz Jimenez, Francisco Jose"]
[Black "Saldano Dayer, Horacio"]
[Result "0-1"]
[WhiteElo "2115"]
[BlackElo "2422"]
[PlyCount "70"]
[EventDate "2001.07.30"]
[EventType "tourn"]
[EventRounds "9"]
[EventCountry "ESP"]
[EventCategory "4"]
[SourceTitle "CBM 083 Extra"]
[Source "ChessBase"]
[SourceDate "2001.09.11"]
[SourceVersion "1"]
[SourceVersionDate "2001.09.11"]
[SourceQuality "1"]

1. e4 g6 2. d4 Bg7 3. Nc3 d6 4. Be3 Nf6 5. Qd2 c6 6. Nf3 Bg4 7. Ng1 b5 8. f3 Bc8 9. g4 h5 10. g5 Nfd7 11. Nh3 Nb6 12. b3 d5 13. Nf4 0-0 14. Bd3 e5 15. Nfe2 b4 16. Nd1 exd4 17. Bxd4 Bxd4 18. Nxd4 c5 19. Nf5 gxf5 20. exf5 Re8+ 21. Kf1 c4 22. g6 f6 23. Qh6 Qe7 24. bxc4 Nxc4 25. Bxc4 dxc4 26. Ne3 Qg7 27. Qf4 Nd7 28. Qxc4+ Kh8 29. Nd5 Nb6 30. Nxb6 axb6 31. Qxb4 Bxf5 32. Qxb6 Qxg6 33. Rg1 Bh3+ 34. Kf2 Qxc2+ 35. Kg3 Rg8+ 0-1

[Event "Malaga op 4th"]
[Site "Malaga"]
[Date "2001.02.26"]
[Round "4"]
[White "Moreda, Lucas"]
[Black "Ruiz Jimenez, Francisco Jose"]
[Result "1-0"]
[WhiteElo "2309"]
[BlackElo "2091"]
[PlyCount "113"]
[EventDate "2001.02.23"]
[EventType "swiss"]
[EventRounds "9"]
[EventCountry "ESP"]
[SourceTitle "EXT 2002"]
[Source "ChessBase"]
[SourceDate "2001.11.25"]
[SourceVersion "1"]
[SourceVersionDate "2001.11.25"]
[SourceQuality "1"]

1. e4 c5 2. Nf3 d6 3. b3 e6 4. c4 Nc6 5. Bb2 e5 6. Nc3 Bg4 7. Be2 Bxf3 8. Bxf3 Nf6 9. Ne2 g6 10. 0-0 Bg7 11. g3 h5 12. Bg2 h4 13. a3 Qd7 14. b4 cxb4 15. axb4 Nxb4 16. d4 Nc6 17. Ra3 0-0 18. Rd3 h3 19. Bh1 Qc7 20. Qa1 Rfe8 21. d5 Nb4 22. Rc3 Nd7 23. Ba3 a5 24. Qb2 Na6 25. Rb1 Nac5 26. Rc2 b6 27. Nc3 Bh6 28. Nb5 Qb8 29. Qc3 Nf6 30. Re2 Qd8 31. Bf3 Qd7 32. Ree1 Nh7 33. Bd1 Rf8 34. Bxc5 bxc5 35. Ra1 Qd8 36. Bg4 Ng5 37. Ra4 Nxe4 38. Rxe4 f5 39. Bxf5 Rxf5 40. Qd3 Qf6 41. Qf1 Rf8 42. Ra2 Rf3 43. Ree2 Rd3 44. Rxa5 Qf3 45. Ra1 e4 46. Ra3 Rxa3 47. Nxa3 Qxa3 48. Qxh3 Qc1+ 49. Kg2 Bg5 50. Qe6+ Kg7 51. Qxe4 Rf7 52. Qg4 Re7 53. Rxe7+ Bxe7 54. Qe4 Qg5 55. f4 Qf6 56. h3 Bd8 57. Kf3 1-0

[Event "ESP-ch U20"]
[Site "La Algaba"]
[Date "2001.??.??"]
[Round "3"]
[White "Alcazar Jimenez, Jesus Alberto"]
[Black "Ruiz Jimenez, Francisco Jose"]
[Result "1-0"]
[WhiteElo "2231"]
[BlackElo "2091"]
[PlyCount "67"]
[EventDate "2001.??.??"]
[EventType "swiss"]
[EventRounds "9"]
[EventCountry "ESP"]
[SourceTitle "EXT 2002"]
[Source "ChessBase"]
[SourceDate "2001.11.25"]
[SourceVersion "1"]
[SourceVersionDate "2001.11.25"]
[SourceQuality "1"]

1. e4 c5 2. Nf3 d6 3. b3 Nf6 4. Nc3 Nc6 5. Bb2 a6 6. a4 e6 7. d4 cxd4 8. Nxd4 Be7 9. g3 0-0 10. Bg2 Bd7 11. 0-0 Qc7 12. Nxc6 Bxc6 13. g4 b5 14. g5 Nd7 15. axb5 axb5 16. Qe2 Qb7 17. Rxa8 Rxa8 18. Rd1 Nc5 19. b4 Na6 20. Na2 Nb8 21. Nc3 Na6 22. Na2 Nc7 23. Nc1 d5 24. Nb3 Bxb4 25. Nd4 Bf8 26. Nxc6 Qxc6 27. exd5 Nxd5 28. Be4 Rd8 29. Qd3 Kh8 30. Qh3 f5 31. gxf6 g6 32. Bxg6 h6 33. f7+ e5 34. Bxe5+ 1-0